Geography Quiz

Random Geography or City Quiz
Score 0/300 Timer 20:00
0 Plays Today
City, Town % Correct
Kinshasa
96.8%
Kampala
95.7%
Kigali
92.5%
Khartoum
91.4%
Khartoum North
91.4%
Kano
89.2%
Kumasi
78.5%
Kuerenge-Ke
68.8%
Kisangani
67.7%
Kaduna
60.2%
Kananga
50.5%
Kitwe
47.3%
Kimberley
46.2%
Kenitra
37.6%
Kas
35.5%
Kolwezi
30.1%
Kisumu
29%
Kikwit
28%
Kabwe
25.8%
Kara
25.8%
Kira
24.7%
Kassala
24.7%
Kayes
24.7%
Kigoma-Ujiji
23.7%
Kankan
23.7%
Kai-Kai
23.7%
Katsina
22.6%
Korhogo
22.6%
Koudougou
22.6%
Kaolack
21.5%
Kenema
21.5%
Kismaayo
20.4%
Kindia
20.4%
Keren
20.4%
Kairouan
20.4%
Kita
20.4%
Kosti
19.4%
Kabinda
19.4%
Kindi
18.3%
Kikuyu
14%
Kati
14%
Kaedi
14%
Kong
14%
Kindu
12.9%
Kaya
12.9%
Kasama
12.9%
Kiffa
12.9%
Kandi
11.8%
Kumba
10.8%
Kamina
10.8%
Khenchela
10.8%
Kribi
10.8%
Kalemie
10.8%
Kidal
10.8%
Khouribga
9.7%
Kisi
9.7%
Ksar El Kebir
9.7%
Kasese
9.7%
Klerksdorp
8.6%
Khemisset
8.6%
Koidu
8.6%
Kissidougou
8.6%
Kpalime
8.6%
Koutiala
7.5%
Kumbo
7.5%
Kwekwe
7.5%
Kanye
7.5%
Koba-Tatema
7.5%
Kani
7.5%
Kasserine
6.5%
Knysna
6.5%
Kilifi
6.5%
Koulikoro
6.5%
Kedougou
6.5%
Kalabancoro
5.4%
Kafr el-Sheikh
5.4%
Khenifra
5.4%
Kisii
5.4%
Katiola
5.4%
Kelibia
5.4%
Kitgum
5.4%
Kutu
5.4%
Khorira
5.4%
Kipushi
4.3%
Kolda
4.3%
Kadugli
4.3%
Kelo
4.3%
Kabale
4.3%
Kalima
4.3%
Kumi
4.3%
Kimba
4.3%
Kasulu
3.2%
Kamsar
3.2%
Kroonstad
3.2%
Keffi
3.2%
Khoms
3.2%
Kwali
3.2%
Kakamega
3.2%
Kharga
3.2%
Kasongo
3.2%
City, Town % Correct
Kericho
3.2%
Kaffrine
3.2%
Kenge
3.2%
Katima Mulilo
3.2%
Karatu
3.2%
Kahama
2.2%
Kukawa
2.2%
Kibaha
2.2%
Kafr ad-Dawwar
2.2%
Kousseri
2.2%
Karuri
2.2%
Kuje
2.2%
Kayanza
2.2%
Kirundo
2.2%
Koza
2.2%
King William's Town
2.2%
Kiambu
2.2%
Kafue
2.2%
Kufra
2.2%
Korogwe
2.2%
Kolokani
2.2%
Kika
2.2%
Kerou
2.2%
Kalulushi
2.2%
Kongolo
2.2%
Kabalo
2.2%
Kimpese
2.2%
Kukawa
2.2%
Kasungu
2.2%
Koun-Fao
2.2%
Koungou
2.2%
Kariba
2.2%
Kadoma
1.1%
Khemis Miliana
1.1%
Kom Ombo
1.1%
Kafr az-Zayyat
1.1%
Kongoussi
1.1%
Kombissiri
1.1%
Ksar El Boukhari
1.1%
Kontagora
1.1%
Kouka
1.1%
Kombolcha
1.1%
Koupela
1.1%
Kolondieba
1.1%
Kambove
1.1%
Kwaya Kusar
1.1%
Koury
1.1%
Kadiolo
1.1%
Katwa
1.1%
Kokstad
1.1%
Kagoro
1.1%
Kyela
1.1%
Kaniama
1.1%
Kapiri Mposhi
1.1%
Koboko
1.1%
Kimilili
1.1%
Karonga
1.1%
Ketou
1.1%
Korba
1.1%
Koumra
1.1%
Kerouane
1.1%
Kutum
1.1%
Kinkala
1.1%
Kakira
1.1%
Kalungu
1.1%
Kette
1.1%
Kehancha
1.1%
Kirumba
1.1%
Kayna
1.1%
Kossou
1.1%
Karam
1.1%
Kouan-Houle
1.1%
Kouande
1.1%
Kipamba and Kikondja
1.1%
Kayunga
1.1%
Kasangulu
1.1%
Kouassi-Datekro
1.1%
Kintinian
0%
Korforidua
0%
Kaele
0%
Kalangalala
0%
Kangapo
0%
Kiremba
0%
Kayogoro
0%
Kalgo
0%
Kafanchan
0%
Keana
0%
Kanyosha
0%
Kuac
0%
Kolofata
0%
Kirdasah
0%
Khemis El Khechna
0%
Karankasso-Vigue
0%
Kitae
0%
Katoro
0%
Koropara
0%
Kahin-Zarabaon
0%
Kabarobe
0%
Kantchari
0%
Kitengela
0%
City, Town % Correct
Kolaboui
0%
Kolea
0%
Kalaa Kebira
0%
Komsilga
0%
Kinyinya
0%
Ksar Chellala
0%
Kalaska
0%
Kaladougou
0%
Koumantou
0%
Kauto
0%
Kononfla
0%
Ksar Hellal
0%
Koutaba
0%
Kayokwe
0%
Kabezi
0%
Kouoptamo
0%
Kiganda
0%
Kasba Tadla
0%
Koumbia
0%
Kuroko
0%
Kwaggafontein
0%
Kibago
0%
Konye
0%
Korsimoro
0%
Koumbri
0%
Kampti
0%
Kouibly
0%
Karhay
0%
Kintampo
0%
Khashm El Girba
0%
Kuajena
0%
Kabkabiyah
0%
Kounahiri
0%
Kigamba
0%
Kananshi
0%
Kaura Namoda
0%
Kouroussa
0%
Kibondo
0%
Kokologho
0%
Kituku
0%
Kinieran
0%
Koutougou
0%
Kiech Kuon
0%
Kawm Hamadah
0%
Koumbia
0%
Kongasso
0%
Kalale
0%
Kourouma
0%
Kherrata
0%
Kalaa Seghira
0%
Kais
0%
Kakata
0%
Kayao
0%
Koubri
0%
Kalisizo
0%
Kakony
0%
Kidatu
0%
Koundian
0%
Kakuma
0%
Kalinko
0%
Kiryandongo
0%
Kekem
0%
Koundianakoro
0%
Kolente
0%
Kisesa
0%
Kafr Saqr
0%
Kouankan
0%
Koaukro
0%
Kolnyang
0%
Kafr al-Battikh
0%
Kanfarande
0%
Kompienga
0%
Kiembara
0%
Kebridehar
0%
Kokori
0%
Kibaoni
0%
Ksour Essef
0%
Kiniebakoura
0%
Kolokonde
0%
Kurmuot
0%
Koundougou
0%
Kanzra
0%
Kaouara
0%
Kissamey
0%
Kheireddine
0%
Koundara
0%
Khomokhoana
0%
Kanoni
0%
Kerkera
0%
Kpankou
0%
Konongo
0%
Kassambya
0%
Kinana
0%
Kalfou
0%
Kaous
0%
Khelil
0%
Karoi
0%
Kotobi
0%
Koulamoutou
0%
Kabeya
0%
Remove Ads.
Support Sporcle.
Get the best of Sporcle when you Go Orange. This ad-free experience offers more features, more stats, and more fun while also helping to support Sporcle. Thank you for becoming a member.

You're not logged in!

Compare scores with friends on all Sporcle quizzes.
OR
Log In

Show Comments

Extras

Created Sep 13, 2017ReportNominate
Tags:Africa Quiz, City Quiz, 300, Letter K

Top Quizzes Today


Score Distribution

Your Account Isn't Verified!

In order to create a playlist on Sporcle, you need to verify the email address you used during registration. Go to your Sporcle Settings to finish the process.

Report this User

Report this user for behavior that violates our Community Guidelines.

Details: